Statistiken für Allgemeinwissen - Fußball

Klicken Sie hier um das Quiz zu spielen!

Allgemein

  • Dieses Quiz wurde 8.846 mal gespielt
    (8.762 seit der letzten Aktualisierung)
  • Das Durchschnittsergebnis liegt bei 8 aus 12

Antwortstatistiken

FrageAntwort% Korrekt
Frankreich wurde 2018 Weltmeister. Gegen welches Land gewann man das Finale mit 4:2?Kroatien
93%
Welche Weltrekord-Ablöse zahlte PSG 2017 für Neymar?222 Mio
86%
Welcher Spieler ist mit 6 Gewinnen der Rekordhalter der Weltfußballer Trophäe?Messi
86%
Welcher Klub konnte als einziger im 21.Jahrhundert seinen CL-Titel verteidigen? (3 Titel am Stück)Real Madrid
86%
Welcher Spieler hatte/hat im Laufe seiner Karriere den höchsten Marktwert?Mbappé
77%
Welches Land hat als einziges innerhalb 6 Jahre 2 EM-Titel und einen WM-Titel geholt?Spanien
74%
Bei welchem Klub spielte David Beckham NICHT?Manchester City
73%
Wer ist mit einem Marktwert von 130 Mio der wertvollste Spieler der Bundesliga?Erling Haaland
72%
Wie viele rote Karten hat N´Golo Kanté in seiner gesamten Karriere bekommen?keine
61%
Wer steht auf der FIFA Weltrangliste auf Platz 1? (Stand vor der EM 2021)Belgien
43%
Mit welchem Ergebnis gewann der BVB das Pokalfinale 2012 gegen den FCB?5:2
37%
Wer ist mit 25 Mio Marktwert der wertvollste Trainer der Welt?Jürgen Klopp
14%

Verteilung der Resultate

Perzentil nach korrekt beantworteten Fragen

Anzahl Personen mit jedem Resultat

Ihre Resultats-Entwicklung

Sie haben dieses Quiz seit der letzten Aktualisierung nicht gespielt